Slovník česko-esperantský (25.000 slov)

Bibliographic Details
Main Authors: Kühnl, Eduard, 1884-1966 (Author), Procházka, Karel, 1880-1957 (Author)
Format: Book
Language:Czech
Esperanto
PhysicalDescription:284 s. 8°
Published: Praha Ed. Kühnl 1914
Series:Bibliotéko de Časopis čes. esperantistů
Subjects:

MARC

LEADER 00000cam a2200000 a 4500
001 vtls001357510
003 SK-MaSNL
005 20260301010546.0
008 180810s1914 xr d 00000 cze
035 |a SNK000311008 
040 |a SNK  |b slo  |c SNK  |e AACR2 
041 0 |a cze  |a epo 
044 |a xr  |c CZ 
072 7 |a 811.9  |x Umelé jazyky  |2 konspekt 
072 7 |a 811.162.3  |x Čeština  |2 konspekt 
080 |a 811.922  |2 2001 
080 |a 811.162.3  |2 2001 
080 |a (038)  |2 2001 
100 1 |a Kühnl, Eduard,  |d 1884-1966  |4 aut  |9 292554 
245 1 0 |a Slovník česko-esperantský  |b (25.000 slov)  |c Eduard Kühnl a Karel Procházka 
260 |a Praha  |b Ed. Kühnl  |c 1914 
300 |a 284 s.  |c 8° 
490 1 |a Bibliotéko de Časopis čes. esperantistů  |v 1914, 6 
650 0 7 |a čeština  |2 SNKPH  |9 1319 
650 0 7 |a esperanto  |2 SNKPH  |9 22400 
655 7 |a dvojjazyčné prekladové slovníky  |2 SNKPH  |9 70744 
700 1 |a Procházka, Karel,  |d 1880-1957  |4 aut  |9 292555 
830 0 |a Bibliotéko de Časopis čes. esperantistů  |9 292556 
852 |a Slovenská národná knižnica 
958 |a OND 
999 |c 548477  |d 550407 
952 |t P60, <04>, [BOOK], {604}  |a SNK  |b SNK  |y VYP  |7 0  |p 17A0184461  |o snkID 29848  |0 0  |1 0  |4 0  |d 1999-03-11  |l 0  |r 2005-01-02 00:00:00  |w 2026-02-23